000 00870nas a2200277 4500
001 BR2012001898
003 BR-BrBNA
005 20231205120327.0
007 ta
008 230509b bl.|||p| |||| 00| 00por d
040 _aBR-BrBNA
_bpor
_cBiblioteca Nacional de Agricultura
041 _a(Pt)
072 _aE70
100 1 _aFernandes, R.A.S.
100 1 _aSantos, C.M. dos
245 1 _aCompetitividade das exportações sucroalcooleiras do Estado de São Paulo
650 _aCOMPETIVIDADE
650 _aEXPORTAÇÃO
650 _aAÇÚCAR
650 _aALCOOL
650 _aSÃO PAULO
773 0 _tRevista de Política Agrícola (Brazil)
_xISSN 1413-4969
_g(Oct-Dec 2011), v. 20(4) p. 50-57
_wBR2012001898
856 4 _uRPA_4-2011_INTEIRA.pdf#page=51-58
_yRecurso eletrônico (PDF)
909 _a202311
_bLúcia
_c55
_dLúcia Elande
942 _2AGRIS
_n0
_cANA
999 _c217963
_d217963